00539 2200193 4500001002100000005001700021008004100038020001800079035002900097090001400126100002500140245002500165250001100190260003800201300002600239650002400265700001200289990004400301INLIS00000000002176720140204083014.0  a979-514-029-9 a##a0010-021400000000036 a700 Sla s aSlamet Hendro Kusumo aSeni Merangkai Bunga aCet 13 aBandungbRemaja Rosda Karyac2007 a36 hlm ; 21 cm ; Ilus aSeni Dekorasi Bunga aIrawati a29508/Pusdacil/2014,29509/Pusdacil/2014